Southville International School and Colleges
Your cart is empty.
  • Cart
  • Lists
    Public lists Eva Luna New books Lux_list list_1
    Your lists Log in to create your own lists
  • Log in to your account
  • Your cookies
  • Search history
Southville International School and Colleges
  • Advanced search
  • Recent comments
  • Most popular
  • Libraries

Log in to your account

Log in with GOOGLE


If you do not have an external account, but do have a local account, you can still log in:

  1. Home
  2. MARC view: Assessment in special and inclusive education /
Normal view MARC view ISBD view

Assessment in special and inclusive education / (Record no. 117962)

[ view plain ]
MARC details
000 -LEADER
fixed length control field 00644nam a2200193Ia 4500
008 - FIXED-LENGTH DATA ELEMENTS--GENERAL INFORMATION
fixed length control field 140609s9999 xx 000 0 und d
020 ## - INTERNATIONAL STANDARD BOOK NUMBER
International Standard Book Number 9781133307532
050 ## - LIBRARY OF CONGRESS CALL NUMBER
Classification number LB 3051
Item number .Sa245 2013
100 ## - MAIN ENTRY--PERSONAL NAME
Personal name Salvia, John.
245 ## - TITLE STATEMENT
Title Assessment in special and inclusive education /
Statement of responsibility, etc John Salvia, James E. Ysseldyke, Sara Bolt
250 ## - EDITION STATEMENT
Edition statement 12th ed.
260 ## - PUBLICATION, DISTRIBUTION, ETC. (IMPRINT)
Place of publication, distribution, etc Belmont, CA :
Name of publisher, distributor, etc Wadsworth/Cencage Learning,
Date of publication, distribution, etc c2013.
300 ## - PHYSICAL DESCRIPTION
Extent 409 p. :
Other physical details col. ill. ;
Dimensions 28 cm.
500 ## - GENERAL NOTE
General note Includes glossary, bibliographical references and index.
521 ## - TARGET AUDIENCE NOTE
Target audience note
650 ## - SUBJECT ADDED ENTRY--TOPICAL TERM
Topical term or geographic name as entry element Remedial teaching
General subdivision United States.
942 ## - ADDED ENTRY ELEMENTS (KOHA)
Call number prefix Foreign
Koha item type Books
Holdings
Withdrawn status Lost status Damaged status Home library Current library Shelving location Date acquired Cost, normal purchase price Total Checkouts Total Renewals Full call number Barcode Date last seen Date checked out Price effective from Koha item type
      College Library College Library Reserve Section 06/09/2014 8234.00 5 21 LB 3051 .Sa245 2013 C18250 05/15/2018 11/28/2015 06/09/2014 Books

Assessment in special and inclusive education /

APA

Salvia J., . (2013). Assessment in special and inclusive education. Belmont, CA: Wadsworth/Cencage Learning.

Chicago

Salvia John, . 2013. Assessment in special and inclusive education. Belmont, CA: Wadsworth/Cencage Learning.

Harvard

Salvia J., . (2013). Assessment in special and inclusive education. Belmont, CA: Wadsworth/Cencage Learning.

MLA

Salvia John, . Assessment in special and inclusive education. Belmont, CA: Wadsworth/Cencage Learning. 2013.

  • Place hold
  • Print
  • Cite
  • Add to your cart (remove)
  • Save record
    BIBTEX Dublin Core MARCXML MARC (non-Unicode/MARC-8) MARC (Unicode/UTF-8) MARC (Unicode/UTF-8, Standard) MODS (XML) RIS
  • More searches
    Search for this title in:
    Other Libraries (WorldCat) Other Databases (Google Scholar) Online Stores (Bookfinder.com) Open Library (openlibrary.org)

Exporting to Dublin Core...

SOUTHVILLE LIBRARY

Southville International School and Colleges Library

1281 Tropical Ave. Cor. Luxembourg St., BF Homes International, Las Pinas City

Tel. No. 8256374 / 252358 Loc. 117/146

Powered by Koha